An account of the measurement of a base on Hounslow-Heath (Record no. 113711)
[ view plain ]
| 000 -LEADER | |
|---|---|
| fixed length control field | 00658cam a22001815a 4500 |
| 001 - CONTROL NUMBER | |
| control field | L155628 |
| 008 - FIXED-LENGTH DATA ELEMENTS--GENERAL INFORMATION | |
| fixed length control field | 120329s1785 xxk f 000 0 eng d |
| 035 ## - SYSTEM CONTROL NUMBER | |
| System control number | (Sirsi) u155628 |
| 041 0# - LANGUAGE CODE | |
| Language code of text/sound track or separate title | eng |
| 100 1# - MAIN ENTRY--PERSONAL NAME | |
| Personal name | Roy, William |
| Dates associated with a name | 1726-1790 |
| 245 03 - TITLE STATEMENT | |
| Title | An account of the measurement of a base on Hounslow-Heath |
| Remainder of title | By Major-General William Roy, F.R.S. and A.S. Read at the Royal Society, from April 21 to June 16, 1785 |
| 260 ## - PUBLICATION, DISTRIBUTION, ETC. | |
| Place of publication, distribution, etc. | London |
| Name of publisher, distributor, etc. | printed by J. Nichols |
| Date of publication, distribution, etc. | MDCCLXXXV. [1785] |
| 300 ## - PHYSICAL DESCRIPTION | |
| Extent | 98 p., plates |
| Other physical details | map |
| Dimensions | 4o |
| 583 ## - ACTION NOTE | |
| Action | Condition reviewed |
| Time/date of action | 20120620 |
| Status | condition level 1 |
| 651 #4 - SUBJECT ADDED ENTRY--GEOGRAPHIC NAME | |
| Geographic name | Great Britain |
| Chronological subdivision | 1707- |
| 690 ## - LOCAL SUBJECT ADDED ENTRY--TOPICAL TERM (OCLC, RLIN) | |
| Topical term or geographic name as entry element | Measurement |
| 9 (RLIN) | 6256 |
| 942 ## - ADDED ENTRY ELEMENTS (KOHA) | |
| Suppress in OPAC | 0 |
| Withdrawn status | Lost status | Source of classification or shelving scheme | Damaged status | Not for loan | Home library | Current library | Shelving location | Date acquired | Total Checkouts | Full call number | Barcode | Date last seen | Copy number | Price effective from | Koha item type |
|---|---|---|---|---|---|---|---|---|---|---|---|---|---|---|---|
| Dewey Decimal Classification | Historic collection | Historic collection | Historic collection | 29/03/2012 | QUARTO 1785 ROY | 30077917 | 06/08/2019 | 1 | 06/08/2019 | Book |